Projektovanie ekonomických aplikácií vybrané problémy z AIS
Na minha lista:
| Autor principal: | |
|---|---|
| Autor Corporativo: | |
| Outros Autores: | , |
| Formato: | Livro |
| Idioma: | eslovaco |
| Publicado em: |
Bratislava
Edičné stredisko VŠE
1988
|
| Edição: | 1. vyd. |
| Tags: |
Sem tags, seja o primeiro a adicionar uma tag!
|
MARC
| LEADER | 00000nam a2200000 4500 | ||
|---|---|---|---|
| 001 | c041142 | ||
| 005 | 20240502071313.6 | ||
| 041 | 0 | |a slo | |
| 044 | |a SK | ||
| 245 | 1 | 0 | |a Projektovanie ekonomických aplikácií |b vybrané problémy z AIS |c Štefan Čarnický, Jozef Porvazník, Jaroslav Kiš |
| 250 | |a 1. vyd. | ||
| 264 | 1 | |a Bratislava |b Edičné stredisko VŠE |c 1988 | |
| 300 | |a 190 s. | ||
| 100 | 1 | |a Čarnický, Štefan | |
| 700 | 1 | |a Porvazník, Jozef | |
| 700 | 1 | |a Kiš, Jaroslav | |
| 710 | 2 | |a Vysoká škola ekonomická v Bratislave. Detašované pracovisko Fakulty riadenia v Košiciach | |